000
00231 a2200097 4500
020
_a
9780439410373
041
_a
spa
100
_a
Dav Pilkey
245
_a
El capitan calsoncillos y el perverso plan del Profesor Pipicaca
942
_c
K
999
_c
26373
_d
26373